| 000 | 01212cam a22002054a 4500 | ||
|---|---|---|---|
| 005 | 20250605164021.0 | ||
| 008 | 250528s ||||||||||||||||||||||||d | ||
| 035 | _a16338 | ||
| 020 | _a810924668 | ||
| 040 |
_aGR-AtMCL _bgre _dGR-AtMCL _eAACR2 |
||
| 245 | 1 | _aModern Art and Popular Culture / Readings in High and Low | |
| 260 |
_bA&C Black, _c1990 |
||
| 300 | _a336 | ||
| 520 | _aThis book offers critical and scholarly essays on seminal moments in this history. Introduction, High and Low Before their Time: Bernini and the Art of Social Satire, Subjects from Common Life in the Real Language of Men: Popular Art and Modern Tradition in Nineteenth-Century French Painting, Picasso and Collage and the Music Hall, Cubism as Pop Art, A Brazen Can-Can in the Temple of Art: The Russian Avant-Garde and Popular Culture, No Joy in Mudville: Greenberg's Modernism Then and Now, The Independent Group: British and American Pop Art and a ''Palimpsestuous'' Legacy, Golden Days, The Last Cause: At the Bethany Theatre Until June 23, Index, Illustrations, Photograph Credits and Sources. | ||
| 700 | 1 |
_aGopnik Adam _92422 |
|
| 700 | 1 |
_aVarnedoe Kirk _92423 |
|
| 942 | _cBK | ||
| 999 |
_c1849 _d1849 |
||